000 00581nam a2200181 i 4500
001 96971
003 ES-MaACL
005 20230906182019.0
007 t|
008 050705s1933 fr ||||1| fre d
100 1 _aMansfield, Katherine.
_976116
245 1 3 _aLa mouche /
_cKatherine Mansfield; traduction de Madeleine T. Gueritte et Marguerite Faguer; preface de Madeleine T. Gueritte.
260 _aParis :
_bE. Grevin,
_c1933.
300 _a201 p. ;
_c19 cm.
700 1 _aGuéritte, Madeleine T.
_960471
700 1 _aFaguer, Marguerite.
_948630
852 _aES-MaACL
_jA-3735
999 _c96971
_d96971